Normal view
MARC view
- الأحوال الاجتماعية
Entry Topical Term
001 - CONTROL NUMBER
- control field: 19395
003 - CONTROL NUMBER IDENTIFIER
- control field: JO-AjAnu
005 - DATE AND TIME OF LATEST TRANSACTION
- control field: 20230606073405.0
008 - FIXED-LENGTH DATA ELEMENTS
- fixed length control field: 230606|| aca||aabn | a|a d
040 ## - CATALOGING SOURCE
- Original cataloging agency: JO-AjAnu
- Transcribing agency: JO-AjAnu
150 ## - HEADING--TOPICAL TERM
- Topical term or geographic name entry element: الأحوال الاجتماعية
670 ## - SOURCE DATA FOUND
- Source citation: Work cat.: (JO-AjAnu)9961: وبيستر، اندرو ؛ ترجمة: حمدي حميد يوسف ؛ مراجعة: قيس النوري, author 19394, مدخل لسوسيولوجية التنمية= Introduction to the sociology of development